000 00411nam a2200169Ia 4500
008 230524s9999 xx 000 0 und d
020 _a8175153407
082 _a540
_bPAN
100 _aBalaram Pani
245 2 _aA Text Book of Engineering Chemistry
250 _a1ST
260 _aNEW DELHI
_bGalgotia
_c2004
300 _aVIII;763
500 _aQuantity Number: 42
650 _aChemistry
942 _cBK
999 _c29991
_d29991